Movies Quiz

Random Movies or Actress Quiz

What Movie? One Word Movies II Quiz Stats

 Plays Quiz Updated Nov 5, 2017

Challenge
Share
Tweet
Embed
Score 0/45 Timer 09:00
4 Plays Today
Letter Movies % Correct
TTitanic
84.5%
RRocky
80.7%
JJuno
79.1%
TTaken
75.1%
MMisery
73.6%
JJaws
71.6%
LLincoln
67.4%
MMonster
64%
SScream
58.4%
SSpeed
58.2%
SSuperbad
57.5%
PPlatoon
56.7%
LLogan
56.1%
PPsycho
54.5%
PPhiladelphia
51.2%
TTrainspotting
49.5%
MMemento
47.1%
RRoom
44.4%
JJarhead
40.5%
WWitness
40.1%
LLooper
37.4%
LLimitless
36.9%
JJumper
36%
Letter Movies % Correct
WWanted
33.5%
JJunior
32.3%
WWhiplash
32.2%
RRansom
31.9%
PPaul
31.7%
MMagnolia
31%
SSplit
30.4%
TTroy
28.5%
RRushmore
28.5%
LLabyrinth
27.3%
MMoon
26.2%
NNosferatu
25.9%
NNebraska
24.7%
NNetwork
22.5%
RRounders
20.9%
PPapillon
19.4%
NNixon
18.1%
TTraffic
15.9%
WWarrior
15.7%
SShame
15.7%
WWimbledon
9.1%
NNarc
8.2%

You're not logged in!

Compare scores with friends on all Sporcle quizzes.
OR
Log In

You Might Also Like...

Show Comments

Extras

Top Quizzes Today


Score Distribution

Your Account Isn't Verified!

In order to create a playlist on Sporcle, you need to verify the email address you used during registration. Go to your Sporcle Settings to finish the process.

Report this User

Report this user for behavior that violates our Community Guidelines.

Details: